| LEADER |
00890nam0a2200205 450 |
| 001 |
16833645 |
| 010 |
|
|
|a 978-2-36154-107-1
|b cart.
|d 14
|
| 100 |
|
|
|a 20150224d2015 u u0frey01 ba
|
| 101 |
1 |
|
|a fre
|c ger
|
| 102 |
|
|
|a FR
|
| 200 |
0 |
|
|a année avec les cigognes (Une)
|f Thomas Müller
|g traduction Emilie Fline
|
| 207 |
|
1 |
|a
|
| 210 |
|
|
|a Neuchâtel (Suisse)
|c Petite Salamandre
|d 2015
|
| 215 |
|
|
|a 36 p.
|c illustrations en couleur
|d 26 cm
|
| 330 |
|
|
|a Un album sur le quotidien des cigognes accompagné d'illustrations naturalistes. Avec en fin d'ouvrage une courte présentation de la cigogne blanche, de la cigogne noire, du héron cendré et de la grue. Electre 2015
|
| 700 |
|
0 |
|a Müller
|b Thomas
|4 70
|
| 702 |
|
0 |
|a Fline
|b Emilie
|4 730
|
| 900 |
|
|
|a Roman enfant
|
| 901 |
|
|
|a Accessible au prêt
|
| 995 |
|
|
|a BD 13
|b 156
|c Bibliothèque
|f 00156009718743
|h 00156009718743
|k E 598 CIG
|o p
|q j
|r az
|e BD 13
|